00343nam a2200097Ia 45000010005000000080041000050820030000461000083000762450060001592600026002192308241024s9999 xx 000 0 und d aRD/352.34/R426p/2011-2014 aRepública Dominicana. Ministerio de Economía, Planificación y Desarrollo 0aPlan Nacional Plurianual del Sector Público 2011-2014 bAmigo del Hogarc2011